banner koha

Atividade elicitora de fitoalexinas em Soja e Sorgo por extratos e tinturas de espécies medicinais (Registro n. 299195)

MARC details
000 -LÍDER
fixed length control field 03291nab a2200277 i 4500
003 - CÓDIGO MARC DA AGÊNCIA CATALOGADORA
Campo de controle BR-BrBNA
005 - DATA E HORA DA ÚLTIMA ATUALIZAÇÃO
Campo de controle 20240416111401.0
008 - CAMPO DE TAMANHO FIXO
fixed length control field 240416b2013 bl.qr|pooa||| 00| 0 por |
040 ## - FONTE DA CATALOGAÇÃO
Agência catalogadora BR-BrBNA
Idioma da catalogação por
072 ## - CATEGORIA AGRIS
Código AGRIS F60
Código do objeto 0336
072 ## - CATEGORIA AGRIS
Código AGRIS H20
Código do objeto 0170
100 ## - ENTRADA PRINCIPAL - NOME PESSOAL
Nome pessoal Matiello, J.
100 ## - ENTRADA PRINCIPAL - NOME PESSOAL
Nome pessoal Bonaldo, S.M.
245 ## - TÍTULO PRINCIPAL
Título principal Atividade elicitora de fitoalexinas em Soja e Sorgo por extratos e tinturas de espécies medicinais
500 ## - NOTA GERAL
Nota geral Publicação on-line; 34 ref.; 4 tables; 4 illus.; Summaries (En, Pt)
942 ## - ADDED ENTRY ELEMENTS (KOHA)
Koha item type
520 ## - NOTA DE RESUMO
Nota de conteúdo <br/><br/>RESUMO <br/><br/>A verificação da capacidade indutora de fitoalexinas a partir de extratos e tinturas<br/>de espécies vegetais pode representar uma forma potencial de controle de doenças em plantas<br/>cultivadas. O objetivo foi verificar a capacidade de indução de fitoalexinas em cotilédones de<br/>Soja e mesocótilos de Sorgo a partir de extratos brutos aquosos (EBAs) e tinturas de espécies<br/>medicinais. As espécies utilizadas foram as plantas medicinais Arruda (Ruta graveolens),<br/>Manjerona (Origanum majorana) e Carqueja (Baccharis trimera). Os resultados obtidos<br/>mostraram que os EBAs são eficientes na indução de fitoalexinas em cotilédones de Soja.<br/>Em mesocótilos de Sorgo os EBAs das plantas medicinais Carqueja e Manjerona induzem<br/>a produção de fitoalexinas em concentrações elevadas (15, 20, 25 e 50%). As tinturas são<br/>capazes de induzir a produção de fitoalexinas em cotilédones de Soja nas concentrações de 10<br/>e 15%, porém, não são capazes de induzir acúmulo de fitoalexinas em mesocótilos de Sorgo.<br/><br/>Palavras-Chave: Gliceolina, deoxiantocianidinas, extrato bruto aquoso, tintura.
520 ## - NOTA DE RESUMO
Nota de conteúdo <br/><br/>ABSTRACT <br/><br/>Eliciting activity of phytoalexins in Soybean and Sorghum by extracts<br/>and tinctures of medicinal species- The verification of the capacity to induce phytoalexins<br/>from the biological activity of plant species may represent a potential way to control diseases<br/>in crops. This research studied the induction of phytoalexins in cotyledons of Soybean and<br/>Sorghum mesocotyles from crude aqueous extracts (CAEs) and tinctures of plants of medicinal<br/>and forest species. The species used were the medicinal plants Ruta graveolens, Baccharis<br/>trimera and Origanum majorana. The results showed that CAEs are efficient in the induction of<br/>phytoalexins in cotyledons of soybean. , while CAEs of medicinal plants Baccharis trimera and<br/>Origanum majorana induce phytoalexin production in high concentrations (15, 20, 25 and 50%).<br/>Tinctures are able of inducing the production of phytoalexin in concentrations of 10 and 15%<br/>in Soybean cotyledons; however, they are not able to induce the accumulation of phytoalexins<br/>in Sorghum mesocotyles.<br/><br/>Keywords: Gliceollin, deoxyanthocyanidin, crude aqueous extract, tincture.
650 ## - ASSUNTO - THESAGRO
Cabeçalho tópico ou nome geográfico EXTRATO
650 ## - ASSUNTO - THESAGRO
Cabeçalho tópico ou nome geográfico PLANTA MEDICINAL
650 ## - ASSUNTO - THESAGRO
Cabeçalho tópico ou nome geográfico FITOALEXINA
650 ## - ASSUNTO - THESAGRO
Cabeçalho tópico ou nome geográfico COTILÉDONE
773 0# - ENTRADA ANALÍTICA
Host Biblionumber 3543
Registro do item 314468
Imprenta Botucatu-SP Instituto de Biociências - Departamento de Química e Bioquímica 1998
Outro identificador 2024-0723
Título Revista Brasileira de Plantas Medicinais (Brazil)
ISSN 1516-0572
Colação v. 15(4) p. 541-550; (2013)
Número de controle de registro BR2024000485
856 ## - ACESSO E ENDEREÇO ELETRÔNICO
Identificador uniforme de recurso - URI https://www.scielo.br/j/rbpm/a/6wD5Y7ZFgwnk8HjxtTkhVjH/?format=pdf&lang=pt

Nenhum exemplar disponível.

BINAGRI

Telefone: (61)3218-2567/2388/3357/2097 - binagri@agro.gov.br

Ministério da Agricultura e Pecuária , Esplanada dos Ministérios, Bloco D, Anexo B, Brasília/DF, CEP: 70.043-900